Higher engineering mathematics / (Record no. 60139)

MARC details
000 -LEADER
fixed length control field 00964nam a22002537a 4500
005 - DATE AND TIME OF LATEST TRANSACTION
control field 20120102165341.0
008 - FIXED-LENGTH DATA ELEMENTS--GENERAL INFORMATION
fixed length control field 120102t xxu||||| |||| 00| 0 eng d
010 ## - LCCN (DPL NO)
LC control number ENG-104544
020 ## - INTERNATIONAL STANDARD BOOK NUMBER
International Standard Book Number 8174091955
Terms of availability 395.00
035 ## - SYSTEM CONTROL NUMBER
System control number EN-88077
037 ## - SOURCE OF ACQUISITION
Source of stock number/acquisition DBAD/PUB
040 ## - CATALOGING SOURCE
Original cataloging agency DPl
Language of cataloging Eng
082 ## - DEWEY DECIMAL CLASSIFICATION NUMBER
Classification number 510.2462
100 ## - MAIN ENTRY--PERSONAL NAME
Personal name Grewal, B.S.
9 (RLIN) 37833
245 00 - TITLE STATEMENT
Title Higher engineering mathematics /
Statement of responsibility, etc by B.S. Grewal [and] J.S. Grewal
250 ## - EDITION STATEMENT
Edition statement 41st ed
260 ## - PUBLICATION, DISTRIBUTION, ETC. (IMPRINT)
Place of publication, distribution, etc New Delhi
Name of publisher, distributor, etc Khanna Publishers
Date of publication, distribution, etc 2011
270 ## - ADDRESS
Address 4575/15 Onkar House, Ground Floor, Darya Ganj
City New Delhi
Postal code 110002
300 ## - PHYSICAL DESCRIPTION
Extent 1476p.
Other physical details ill.
Dimensions 25cm(pbk)
700 ## - ADDED ENTRY--PERSONAL NAME
9 (RLIN) 37834
942 ## - ADDED ENTRY ELEMENTS (KOHA)
Source of classification or shelving scheme Dewey Decimal Classification
Item type English Books
Classification part 510.2462
Call number suffix GRE
Holdings
Withdrawn status Lost status Source of classification or shelving scheme Damaged status Not for loan Collection code Home library Current library Date acquired Source of acquisition Cost, normal purchase price Total Checkouts Full call number Barcode Date last seen Copy number Cost, replacement price Koha item type
    Dewey Decimal Classification   Not For Loan Non-fiction D.B.Act.Division D.B.Act.Division 03/01/2012 DBAD/PUB 395.00   510.2462 GRE EN-88077 03/01/2012 1 395.00 English Books

© Delhi Public Library
Hit Counter
free hit counter